| 000 | 00543 a2200193 4500 | ||
|---|---|---|---|
| 999 |
_c31979 _d31979 |
||
| 003 | OSt | ||
| 005 | 20260206133746.0 | ||
| 008 | 260206b ||||| |||| 00| 0 eng d | ||
| 020 | _a978-93-6074-846-3 | ||
| 040 | _c. | ||
| 082 |
_a629.8 _bN152 |
||
| 100 |
_92257 _aNagrath, I. J. |
||
| 245 |
_aControl Systems Engineering / _cI. J. Nagrath and M. Gopal |
||
| 260 |
_bNew Age International Pvt Ltd Publishers, _aNew Delhi : _c2025. |
||
| 300 | _a922 p. | ||
| 650 | 0 |
_92259 _aSystems engineering |
|
| 700 |
_92260 _aGopal, M. |
||
| 942 |
_2ddc _cBK |
||